Symphony for organ and orchestra

Hlavní autor: Copland, Aaron, 1900-1990
Jazyk: Nelze použít, není lingvistický obsah
Vydáno: London : Boosey & Hawkes, 1958
Edice: Hawkes Pocket Scores
Fyzický popis: 56 s.
Hudebniny Hudebniny
Uloženo v:
LEADER 00832ncm a22002412a 4500
001 001076943
003 CZ BrMZK
005 20100318145928.0
007 qu
008 091130s1958 enk|||||||||||||||||zxx d
040 |a BOA001  |b cze 
072 7 |a 785  |x Instrumentální hudba. Symfonická hudba. Hudba pro více nástrojů  |2 Konspekt  |9 9 
100 1 |a Copland, Aaron,  |d 1900-1990  |7 jn19990001489  |4 cmp 
240 1 0 |a Sinfonie,  |m varhany, orchestr 
245 1 0 |a Symphony for organ and orchestra  |h [hudebnina] /  |c Aaron Copland 
260 |a London :  |b Boosey & Hawkes,  |c 1958 
300 |a 56 s. 
490 1 |a Hawkes Pocket Scores ;  |v No. 745 
830 0 |a Hawkes Pocket Scores 
910 |a BOA001  |b Mus1-0608.774 
990 |a MU 
991 |b 201003 
996 6 |b 2619448489  |c Mus1-0608.774  |l MZK  |r Sklad / do 1 hodiny  |n 0  |w 001098518  |u 000010  |a 1  |e BOA001  |j MZK50  |s P